[Event "Juiz de Fora Summer op"]
[Site "Juiz de Fora"]
[Date "2015.08.22"]
[Round "3"]
[White "Pereira Vale, Gabriel Pirassoli"]
[Black "Lacerda, Johann Motta"]
[Result "0-1"]
[WhiteElo "1761"]
[BlackElo "1795"]
[PlyCount "52"]
[EventDate "2015.08.21"]
[EventType "swiss"]
[EventRounds "6"]
[EventCountry "BRA"]
[SourceTitle "EXT 2016"]
[Source "ChessBase"]
[SourceDate "2015.10.08"]
[SourceVersion "1"]
[SourceVersionDate "2015.10.08"]
[SourceQuality "1"]

1. c4 Nf6 2. Nc3 c5 3. Nf3 Nc6 4. g3 g6 5. Bg2 Bg7 6. 0-0 0-0 7. a3 e6 8. Rb1 d5 9. cxd5 exd5 10. b4 cxb4 11. axb4 Re8 12. Ng5 h6 13. Nf3 Qe7 14. e3 Nxb4 15. Qa4 Nc6 16. Ba3 Qd8 17. Nd4 Nxd4 18. exd4 Bd7 19. Qb3 Bc6 20. Rfe1 Qd7 21. Re2 Rxe2 22. Nxe2 Re8 23. Nf4 g5 24. Bh3 Qd8 25. Nxd5 Qxd5 26. Bg2 Qxg2# 0-1

[Event "Macae Sudeste-ch"]
[Site "Macae"]
[Date "2015.05.01"]
[Round "2"]
[White "Michelin, Delcio Alfredo"]
[Black "Lacerda, Johann Motta"]
[Result "0-1"]
[WhiteElo "1800"]
[BlackElo "1777"]
[PlyCount "92"]
[EventDate "2015.05.01"]
[EventType "swiss"]
[EventRounds "6"]
[EventCountry "BRA"]
[SourceTitle "CBM 166 Extra"]
[Source "ChessBase"]
[SourceDate "2015.06.18"]
[SourceVersion "1"]
[SourceVersionDate "2015.06.18"]
[SourceQuality "1"]

1. e4 c6 2. f4 d5 3. exd5 cxd5 4. Nf3 Nf6 5. Nc3 Bg4 6. Be2 e6 7. Ne5 Bxe2 8. Qxe2 Nc6 9. Qb5 Qb6 10. Qxb6 axb6 11. Nb5 Ra5 12. a4 Be7 13. Nc7+ Kf8 14. c3 Bd6 15. Nb5 Bxe5 16. fxe5 Nxe5 17. 0-0 Nd3 18. b4 Ra8 19. h3 Ke7 20. a5 Nxc1 21. Rfxc1 bxa5 22. bxa5 Rhc8 23. Rcb1 Ne4 24. d3 Nf6 25. Kf2 Rc6 26. Ke3 Ne8 27. Rb3 Kd8 28. Nd4 Rc7 29. Nb5 Rd7 30. Kd4 Nc7 31. Nxc7 Rxc7 32. Rb5 Kd7 33. c4 dxc4 34. dxc4 Ke7 35. Ra2 Rd8+ 36. Kc3 Rdd7 37. Kb4 Rd1 38. Rb2 f6 39. Rc5 Kd7 40. Kb5 Rd6 41. Rxc7+ Kxc7 42. c5 Ra6 43. Rd2 e5 44. Rd6 e4 45. Rxa6 bxa6+ 46. Kxa6 e3 0-1

[Event "Botafogo Fexerj op"]
[Site "Botafogo"]
[Date "2015.01.25"]
[Round "6"]
[White "Lacerda, Johann Motta"]
[Black "De Melo Barbosa, Eduardo Galvao"]
[Result "1/2-1/2"]
[WhiteElo "1781"]
[BlackElo "1813"]
[PlyCount "72"]
[EventDate "2015.01.23"]
[EventType "swiss"]
[EventRounds "6"]
[EventCountry "BRA"]
[SourceTitle "CBM 164 Extra"]
[Source "ChessBase"]
[SourceDate "2015.03.02"]
[SourceVersion "1"]
[SourceVersionDate "2015.03.02"]
[SourceQuality "1"]

1. e4 g6 2. d4 c6 3. Nf3 d5 4. Nc3 Bg4 5. Be3 Bg7 6. Qd2 Bxf3 7. gxf3 e6 8. 0-0-0 Qa5 9. Kb1 Bf8 10. Ne2 Qxd2 11. Bxd2 Nd7 12. h4 h5 13. Ng3 Ngf6 14. Bg5 Bh6 15. Bxh6 Rxh6 16. c4 0-0-0 17. Be2 Rdh8 18. Rc1 Kb8 19. cxd5 cxd5 20. Rc3 Nb6 21. e5 Ne8 22. Rhc1 R6h7 23. f4 Rg8 24. b3 Ng7 25. Bd3 Nf5 26. Nxf5 gxf5 27. Be2 Rc8 28. Rg3 Rxc1+ 29. Kxc1 Nc8 30. Rg5 Ne7 31. Rxh5 Rxh5 32. Bxh5 Ng6 33. Bxg6 fxg6 34. Kd2 Kc7 35. Ke3 Kd7 36. Kf3 Ke7 1/2-1/2

[Event "Botafogo Fexerj op"]
[Site "Botafogo"]
[Date "2015.01.24"]
[Round "4"]
[White "Nunes, Marcela Andreia Dia"]
[Black "Lacerda, Johann Motta"]
[Result "0-1"]
[WhiteElo "1496"]
[BlackElo "1781"]
[PlyCount "84"]
[EventDate "2015.01.23"]
[EventType "swiss"]
[EventRounds "6"]
[EventCountry "BRA"]
[SourceTitle "CBM 164 Extra"]
[Source "ChessBase"]
[SourceDate "2015.03.02"]
[SourceVersion "1"]
[SourceVersionDate "2015.03.02"]
[SourceQuality "1"]

1. d4 Nf6 2. c4 c5 3. d5 b5 4. cxb5 a6 5. bxa6 g6 6. Nc3 Bxa6 7. e4 Bxf1 8. Kxf1 d6 9. g3 Bg7 10. Kg2 0-0 11. Nf3 Nbd7 12. a4 Ra6 13. Nb5 Ng4 14. Qc2 Nge5 15. Nxe5 Nxe5 16. Bd2 Qb6 17. Bc3 Rfa8 18. Rhe1 f6 19. f4 Nd7 20. b3 Rc8 21. Rab1 Qb7 22. Rec1 f5 23. Kg1 fxe4 24. Bxg7 Kxg7 25. Qxe4 Nf6 26. Qe6 Qd7 27. Re1 Qxe6 28. Rxe6 Nxd5 29. Rd1 Kf7 30. Rxd6 exd6 31. Rxd5 Ke6 32. Rd1 Kd7 33. Re1 c4 34. bxc4 Rxc4 35. Na3 Rcxa4 36. Nc2 d5 37. Rd1 R6a5 38. h4 Kd6 39. Ne3 Ra1 40. Nc4+ Kc5 41. Nxa5 Rxd1+ 42. Kf2 Rb1 0-1

[Event "Rio de Janeiro Estadual-ch"]
[Site "Rio de Janeiro"]
[Date "2014.05.04"]
[Round "6"]
[White "Muniz, Luis Thiago"]
[Black "Lacerda, Johann Motta"]
[Result "0-1"]
[WhiteElo "1983"]
[BlackElo "1758"]
[PlyCount "52"]
[EventDate "2014.05.01"]
[EventType "swiss"]
[EventRounds "6"]
[EventCountry "BRA"]
[SourceTitle "CBM 160 Extra"]
[Source "ChessBase"]
[SourceDate "2014.07.01"]
[SourceVersion "1"]
[SourceVersionDate "2014.07.01"]
[SourceQuality "1"]

1. d4 Nf6 2. c4 c5 3. Nf3 cxd4 4. Nxd4 e5 5. Nb5 d5 6. cxd5 Bc5 7. e3 0-0 8. Bc4 a6 9. N5c3 e4 10. a4 Bf5 11. Qb3 Qc7 12. Nd2 Nbd7 13. Nf1 Rac8 14. Be2 Rfd8 15. Ng3 Bg6 16. 0-0 h5 17. Rd1 Ne5 18. Bd2 Neg4 19. Rac1 Nxh2 20. d6 Rxd6 21. Ncxe4 Nxe4 22. Nxe4 Bxe4 23. Rxc5 Qxc5 24. Rc1 Qf5 25. Rxc8+ Qxc8 26. Bb4 Rg6 0-1

[Event "Foz do Iguacu op 1st"]
[Site "Foz do Iguacu"]
[Date "2013.12.13"]
[Round "3"]
[White "Farhat, Mohamed Abdallah"]
[Black "Lacerda, Johann Motta"]
[Result "1/2-1/2"]
[WhiteElo "1696"]
[BlackElo "1870"]
[PlyCount "65"]
[EventDate "2013.12.12"]
[EventType "swiss"]
[EventRounds "7"]
[EventCountry "BRA"]
[SourceTitle "CBM 158 Extra"]
[Source "ChessBase"]
[SourceDate "2014.02.28"]
[SourceVersion "1"]
[SourceVersionDate "2014.02.28"]
[SourceQuality "1"]

1. d4 d5 2. c4 c6 3. cxd5 cxd5 4. Nc3 Nf6 5. Nf3 Nc6 6. Bf4 Bf5 7. e3 e6 8. Bg5 Be7 9. Bb5 0-0 10. 0-0 Rc8 11. Rc1 a6 12. Bxc6 bxc6 13. Nh4 c5 14. Nxf5 exf5 15. dxc5 Rxc5 16. b4 Rc8 17. Bxf6 Bxf6 18. Nxd5 Rxc1 19. Nxf6+ Qxf6 20. Qxc1 Qe6 21. Qb2 g5 22. Rc1 h5 23. Rc5 h4 24. h3 Kh7 25. Qc2 Rb8 26. Rxf5 Kh6 27. Rc5 Rb6 28. a4 Qd7 29. Qb3 Rf6 30. b5 Qd2 31. Qc2 Qe1+ 32. Kh2 Rxf2 33. Rc6+ 1/2-1/2

[Event "Brasil op etapa 3rd"]
[Site "Vitoria"]
[Date "2002.03.28"]
[Round "1.2"]
[White "Lacerda, Johann Motta"]
[Black "Rocha, Wellington Carlos"]
[Result "0-1"]
[WhiteElo "1835"]
[BlackElo "2328"]
[PlyCount "72"]
[EventDate "2002.03.28"]
[EventType "swiss"]
[EventRounds "7"]
[EventCountry "BRA"]
[SourceTitle "CBM 087 Extra"]
[Source "ChessBase"]
[SourceDate "2002.05.03"]
[SourceVersion "2"]
[SourceVersionDate "2002.08.09"]
[SourceQuality "1"]

1. e4 c5 2. Nf3 Nc6 3. d4 cxd4 4. Nxd4 g6 5. c4 Bg7 6. Be3 Nf6 7. Nc3 d6 8. Be2 0-0 9. 0-0 Nxd4 10. Bxd4 Be6 11. Rc1 Qa5 12. f4 Rac8 13. b3 a6 14. h3 b5 15. Bxf6 Bxf6 16. e5 dxe5 17. Ne4 Bg7 18. Qd2 Qxd2 19. Nxd2 Rfd8 20. Rfd1 exf4 21. Nf3 Rxd1+ 22. Rxd1 bxc4 23. bxc4 Bxc4 24. Bxc4 Rxc4 25. Rd8+ Bf8 26. Ne5 Rc1+ 27. Kh2 Kg7 28. Ra8 Rc7 29. Rxa6 e6 30. a4 Kf6 31. Nc6 Bc5 32. a5 Bf2 33. h4 h5 34. Nb4 Bg3+ 35. Kh3 Rc1 36. Nd5+ Ke5 0-1